000 00334 a2200145 4500
001 155929
040 _cEscola São Tomás de Aquino
100 _aCARRARO, Fernando
240 1 0 _aA parábola do planeta azul
_lpor
245 1 0 _aA parábola do planeta azul
300 _a30
362 0 _a1999
697 _aCIÊNCIAS
942 _cBK
999 _c155929
_d155929